4th generation R & D : managing knowledge, technology and innovation

Αποθηκεύτηκε σε:
Λεπτομέρειες βιβλιογραφικής εγγραφής
Κύριος συγγραφέας: Miller, William L., 1944-
Άλλοι συγγραφείς: Morris, Langdom
Μορφή: Βιβλίο
Γλώσσα:English
Δημοσίευση: New York : Wiley, 1998
Θέματα:
Ετικέτες: Προσθήκη ετικέτας
Δεν υπάρχουν, Καταχωρήστε ετικέτα πρώτοι!

MARC

LEADER 00000cam a2200000 i 4500
001 1/56789
008 011211s1998 eng d
020 |a 0-471-24093-1 
035 |l 10000049 
040 |a GR-MY-UA  |b gre  |e aacr 
041 0 |a eng 
082 0 |a 658.57 
100 1 |a Miller, William L.,   |d 1944- 
245 1 0 |a 4th generation R & D :  |b managing knowledge, technology and innovation /  |c William L. Miller, Langdom Morris 
246 3 3 |a Fourth generation R & D 
260 |a New York :   |b Wiley,   |c 1998 
300 |a xvii, 347p.;  |c 23cm. 
504 |a Includes index 
650 0 0 |a Research, Industrial  |x Management. 
700 1 |a Morris, Langdom. 
852 |a INST  |b CHIOS  |e 20011211  |h 658.57 MIL  |p 005200020406  |q 005200020406  |t BK  |y 0 
852 |a INST  |b CHIOS  |e 20011211  |h 658.57 MIL  |p 005200020407  |q 005200020407  |t BK  |y 0 
852 |a INST  |b CHIOS  |e 20011211  |h 658.57 MIL  |p 005200020408  |q 005200020408  |t BK  |y 0 
852 |a INST  |b CHIOS  |e 20011212  |h 658.57 MIL  |p 005200020503  |q 005200020503  |t BK  |y 0 
901 |a BIBL2-2001-3 
909 |a Χ  |b 098613 
909 |a Χ  |b 098614 
909 |a Χ  |b 098612 
909 |a Χ  |b 098503 
970 |a Πουλάκη  |b Στέλλα  |z 2001/12/11